000 02761cas a2200625 a 4500
001 31478
003 BD-RjUL
005 20211209051715.0
008 140418c19619999nyuqr p 0 a0eng
032 _a015190
_bUSPS
035 _a(OCoLC)ocm01876622
035 _a(BD-RjUL)31566
040 _aDLC
_beng
_cMBTI
_dNSDP
_dDLC
_dNSDP
_dDLC
_dNSDP
_dOCoLC
_dDLC
_dOCoLC
_dDLC
_dNST
_dMBTI
_dDLC
_dNST
_dDLC
_dNSDP
_dOCoLC
_dNST
_dMH
_dNST
_dMH
_dPBL
_dDNLM
_dOCoLC
_dNLGGC
_dNIALS
_dOCoLC
_dDLC
_dUKMGB
_dInU
_dOCoLC
_dBD-RjUL
042 _ansdp
_apcc
082 0 0 _a105
_219
_bIPQ
245 0 0 _aInternational philosophical quarterly :
_bIPQ.
246 3 0 _aIPQ
260 _aNew York :
_bFordham University Press,
_c1961-
300 _avolumes ;
_c25 cm
500 _aTitle from cover.
500 _aPublished by: Foundation for International Philosophical Exchange, <1978-1984>
515 _aIssues for <Mar. 1982-> called also <issue no. 85->
550 _aEdited by: Dept. of Philosophy, Fordham University, in collaboration with the professors of philosophy of Berchmans Philosophicum, (Heverlee-Louvain, Belgium), 1961-1976; a group of professors at Fordham University with the collaboration of the Facultés Universitaires Notre Dame de la Paix (Namur, Belgium), 1977-<1984>
650 0 _aPhilosophy
_vPeriodicals.
_995789
650 1 7 _aFilosofie.
_2gtt
_9712
710 2 _aFordham University.
_995790
710 2 _aFordham University.
_bDepartment of Philosophy.
_995791
710 2 _aBerchmans Philosophicum.
_995792
710 2 _aFacultés universitaires Notre-Dame de la Paix, Namur.
_995793
710 2 _aFoundation for International Philosophical Exchange.
_995794
776 0 8 _iOnline version:
_tInternational philosophical quarterly
_x2153-8077
_w(DLC) 2010200692
_w(OCoLC)44901839
776 0 8 _iOnline version:
_tInternational philosophical quarterly
_w(OCoLC)654690831
906 _a7
_bcbc
_cserials
_d3
_encip
_f19
_gn-oclcserc
942 _2ddc
_cCR
999 _c31478
_d31478